| 000 -LEADER |
| fixed length control field |
00406nam a22001337a 4500 |
| 008 - FIXED-LENGTH DATA ELEMENTS--GENERAL INFORMATION |
| fixed length control field |
231020b ||||| |||| 00| 0 eng d |
| 100 ## - MAIN ENTRY--PERSONAL NAME |
| Personal name |
Singh, Monika and Gupta, Sanjay |
| 245 ## - TITLE STATEMENT |
| Title |
Impact of Covid-19 pandemic on mobility patterns of working women using Delhi metro |
| 260 ## - PUBLICATION, DISTRIBUTION, ETC. (IMPRINT) |
| Place of publication, distribution, etc |
Nagarlok |
| 300 ## - PHYSICAL DESCRIPTION |
| Extent |
55(1), Mar, 2023: p.41-58 |
| 773 ## - HOST ITEM ENTRY |
| Main entry heading |
Nagarlok |
| 906 ## - LOCAL DATA ELEMENT F, LDF (RLIN) |
| Subject DIP |
TRANSPORT |
| 942 ## - ADDED ENTRY ELEMENTS (KOHA) |
| Item type |
Articles |